=LDR 00000nam 2200000 4500 =001 INLIS000000000028177 =005 20130612130511 =008 ***********************************Ind** =035 ##$$0010-061300000028177 =041 ##$$a Ind =082 ##$$a 650.1 =090 ##$$a 650.1, Fos s =100 ##$$a Foster, Timotthy R.V =245 ##$$a 101 cara untuk memperoleh lebih banyak bisnis, Timothy R V Foster =260 ##$$a 1995 $b Jakarta =300 ##$$a 147 hlm, ilus, 21 cm =650 ##$$a Bisnis =850 ##$$a NBPNMAT